Rancangan Malaysia kesepuluh 2011 - 2015.
| Corporate Author: | |
|---|---|
| Format: | Book |
| Published: |
Putrajaya:
Unit Perancang Ekonomi, Jabatan Perdana Menteri,
2010.
|
| Subjects: |
| LEADER | 00552cam a2200169 7i4500 | ||
|---|---|---|---|
| 001 | 0000024648 | ||
| 005 | 20100621090000.0 | ||
| 020 | 0 | 0 | |a 978-967-99911-9-2 |
| 090 | 0 | 0 | |a M 338.9595 |b MAL |
| 110 | 2 | 0 | |a Jabatan Perdana Menteri |
| 245 | 2 | 0 | |a Rancangan Malaysia kesepuluh 2011 - 2015. |
| 260 | 0 | 0 | |a Putrajaya: |b Unit Perancang Ekonomi, Jabatan Perdana Menteri, |c 2010. |
| 300 | # | # | |a 449 p. |
| 650 | 0 | 0 | |a Malaysia -- |x Economic development |
| 650 | 0 | 0 | |a Tenth Malaysia Plan -- |x Policy |
| 651 | 0 | 0 | |a Malaysia |
| 999 | |a 0000027359 |b Book |c Malaysia |e Business Information Centre | ||


